|
|
|
|
| LEADER |
01425nam a2200313 4500 |
| 001 |
DLU120144455 |
| 005 |
##20121210 |
| 040 |
# |
# |
|a DLU
|b vie
|
| 041 |
# |
# |
|a vie
|
| 044 |
# |
# |
|a vn
|
| 082 |
# |
# |
|a 338.479 1
|b Ngh
|
| 245 |
# |
# |
|a Nghệ thuật kinh doanh du lịch & quản lý nhà hàng - khách sạn quy định mới về công tác thanh tra, kiểm tra, xử phạt vi phạm hành chính trong lĩnh vực du lịch - nhà hàng - khách sạn /
|c Thuỳ Linh, Việt Trinh sưu tầm và hệ thống hoá.
|
| 260 |
# |
# |
|a H. :
|b Lao động,
|c 2012.
|
| 300 |
# |
# |
|a 462 tr. ;
|c 28 cm.
|
| 505 |
# |
# |
|a Phần thứ nhất. Nghiệp vụ tiếp tân - quản lý khách sạn nhà hàng -- Phần thứ hai. Nghiệp vụ du lịch -- Phần thứ ba. Ẩm thực Việt Nam -- Phần tứ tư. Danh lam thắng cảnh Việt Nam -- Phần thứ năm. Tiêu chuẩn Việt Nam về phân loại, xếp loại hàng cơ sở lưu trú du lịch -- Phần thứ sáu. Văn bản pháp luật mới nhất về du lịch.
|
| 650 |
# |
# |
|a Kinh doanh du lịch.
|
| 700 |
# |
# |
|a Thuỳ Linh,
|e sưu tầm và hệ thống hoá.
|
| 700 |
# |
# |
|a Việt Trinh,
|e sưu tầm và hệ thống hoá.
|
| 923 |
# |
# |
|a 08/2012
|
| 991 |
# |
# |
|a SH
|
| 992 |
# |
# |
|a 325000
|
| 994 |
# |
# |
|a DLU
|
| 900 |
# |
# |
|a True
|
| 911 |
# |
# |
|a Đào Thị Thu Huyền
|
| 925 |
# |
# |
|a G
|
| 926 |
# |
# |
|a A
|
| 927 |
# |
# |
|a SH
|
| 980 |
# |
# |
|a Thư viện Trường Đại học Đà Lạt
|